<?xml version="1.0" encoding="UTF-8"?>
<record
    xmlns:xsi="http://www.w3.org/2001/XMLSchema-instance"
    xsi:schemaLocation="http://www.loc.gov/MARC21/slim http://www.loc.gov/standards/marcxml/schema/MARC21slim.xsd"
    xmlns="http://www.loc.gov/MARC21/slim">

  <leader>00713nam a2200181Ia 4500</leader>
  <controlfield tag="008">151202s9999||||xx |||||||||||||| ||und||</controlfield>
  <datafield tag="082" ind1=" " ind2=" ">
    <subfield code="b">PNVM-62453</subfield>
  </datafield>
  <datafield tag="100" ind1=" " ind2=" ">
    <subfield code="a">&#x924;&#x947;&#x902;&#x921;&#x942;&#x932;&#x915;&#x930; &#x92A;&#x94D;&#x930;&#x93F;&#x92F;&#x93E;.</subfield>
  </datafield>
  <datafield tag="245" ind1=" " ind2=" ">
    <subfield code="a">&#x91C;&#x928;&#x94D;&#x92E;&#x932;&#x947;&#x932;&#x94D;&#x92F;&#x93E; &#x92A;&#x94D;&#x930;&#x924;&#x94D;&#x92F;&#x947;&#x915;&#x93E;&#x932;&#x93E;....</subfield>
  </datafield>
  <datafield tag="260" ind1=" " ind2=" ">
    <subfield code="b">"&#x930;&#x93E;&#x91C;&#x939;&#x902;&#x938; &#x92A;&#x94D;&#x930;&#x915;&#x93E;&#x936;&#x928;,&#x92A;&#x941;&#x923;&#x947;."</subfield>
  </datafield>
  <datafield tag="260" ind1=" " ind2=" ">
    <subfield code="c">62453</subfield>
  </datafield>
  <datafield tag="300" ind1=" " ind2=" ">
    <subfield code="a">111</subfield>
  </datafield>
  <datafield tag="600" ind1=" " ind2=" ">
    <subfield code="a">&#x924;&#x947;&#x902;&#x921;&#x942;&#x932;&#x915;&#x930; &#x92A;&#x94D;&#x930;&#x93F;&#x92F;&#x93E;.</subfield>
  </datafield>
  <datafield tag="630" ind1=" " ind2=" ">
    <subfield code="a">&#x91C;&#x928;&#x94D;&#x92E;&#x932;&#x947;&#x932;&#x94D;&#x92F;&#x93E; &#x92A;&#x94D;&#x930;&#x924;&#x94D;&#x92F;&#x947;&#x915;&#x93E;&#x932;&#x93E;....</subfield>
  </datafield>
  <datafield tag="700" ind1=" " ind2=" ">
    <subfield code="a">&#x924;&#x947;&#x902;&#x921;&#x942;&#x932;&#x915;&#x930; &#x92A;&#x94D;&#x930;&#x93F;&#x92F;&#x93E;.</subfield>
  </datafield>
  <datafield tag="730" ind1=" " ind2=" ">
    <subfield code="a">&#x91C;&#x928;&#x94D;&#x92E;&#x932;&#x947;&#x932;&#x94D;&#x92F;&#x93E; &#x92A;&#x94D;&#x930;&#x924;&#x94D;&#x92F;&#x947;&#x915;&#x93E;&#x932;&#x93E;....</subfield>
  </datafield>
  <datafield tag="942" ind1=" " ind2=" ">
    <subfield code="c">BOOK</subfield>
  </datafield>
  <datafield tag="999" ind1=" " ind2=" ">
    <subfield code="c">1328987</subfield>
    <subfield code="d">1328984</subfield>
  </datafield>
  <datafield tag="952" ind1=" " ind2=" ">
    <subfield code="0">0</subfield>
    <subfield code="1">0</subfield>
    <subfield code="4">0</subfield>
    <subfield code="7">0</subfield>
    <subfield code="a">PNVM</subfield>
    <subfield code="b">PNVM</subfield>
    <subfield code="d">2015-06-21</subfield>
    <subfield code="g">0.00</subfield>
    <subfield code="l">0</subfield>
    <subfield code="o">PNVM-62453</subfield>
    <subfield code="p">PNVM-62453</subfield>
    <subfield code="r">2015-12-02 00:00:00</subfield>
    <subfield code="v">0.00</subfield>
    <subfield code="w">2015-12-02</subfield>
    <subfield code="y">BOOK</subfield>
  </datafield>
</record>
